00000000nam##2200000za#4500
0019.680183
003CaOODSP
00520220107134006
007ta
008150407|1997||||xxc|||||     f|0| 0 fre|d
020 |a0-662-82230-7
040 |aCaOODSP|bfre
043 |an-cn---
0861 |aH72-21/152-1997F
1102 |aCentre national d'information sur la violence dans la famille (Canada)
24510|aDébut d'un long parcours : |bexamen des projets subventionnés par la Division de la prévention de la violence familiale, de Santé Canada, concernant la violence dans les familles autochtones
260 |aOttawa - Ontario : |bSanté Canada. |c1997.
300 |a29p. ; |c28 cm.
500 |a«Le présent rapport se fonde sur l'examen de quinze projets subventionnés par la Division de la prévention de la violence familiale de Santé Canada, dans le cadre de l'Initiative de lutte contre la violence familiale (1991-1996).»--Introduction.
5203 |aLe présent rapport se fonde sur l'examen de quinze projets subventionnés par la Division de la prévention de la violence familiale de Santé Canada, dans le cadre de l'Initiative de lutte contre la violence familiale (1991-1996).--Introduction
563 |aCouverture souple
590 |a98-06|b1998-02-06
69107|aViolence familiale|2gcpds
77508|tBeginning a long journey : |w(CaOODSP)9.646661
7760#|tDébut d'un long parcours : |w(CaOODSP)9.639834